Same Latitude As Greenland Quiz Stats

 Plays Quiz not verified by Sporcle

Score 0/10 Timer 05:00
0 Plays Today
Hint Contry % Correct
EuropeNorway
100%
Europe/AsiaRussia
100%
EuropeSweden
99.3%
North AmericaUSA (Alaska)
99.3%
North AmericaCanada
99.3%
EuropeFinland
98.6%
Europe/North AmericaDenmark (Greenland, Faroe Islands)
96.6%
EuropeIceland
94.6%
EuropeUnited Kingdom (Shetland Islands)
94.6%
EuropeEstonia (Vaindloo Island)
89.1%

You're not logged in!

Compare scores with friends on all Sporcle quizzes.
OR
Log In

Sporcle TV

Today on Sporcle TV


Watch our educational content, quiz creation guides, and fun videos on Sporcle TV.

Show Comments

Extras

Created Dec 31, 2014ReportNominate
Tags:latitude, north

Top Quizzes Today


Score Distribution

Your Account Isn't Verified!

In order to create a playlist on Sporcle, you need to verify the email address you used during registration. Go to your Sporcle Settings to finish the process.

Report this User

Report this user for behavior that violates our Community Guidelines.

Details: